000 01190nam a2200313Ia 4500
999 _c53660
_d53660
001 20707
003 GE_BSU
005 20221108171234.0
008 181216s2016||||xx |||||||||||||| ||eng||
020 _a9780323313384x
040 _cGE_BSU
041 _aeng
080 _a612.6 M-86
100 _aMoore, Keith L.
_99461
245 4 _aThe Developing Human :
_bClinically Oriented Embryology /
_cKeith L. Moore, T V N Persaud, Mark G. Torchia.
250 _a10th Revised edition
264 _aPhiladelfia :
_bElsevier,
_c2016.
300 _a524 p. :
_bill. ;
_c 28 cm.
653 _aThe Developing Human
653 _aClinically Oriented Embryology
653 _aРазвивающийся человек
653 _aклинически ориентированная эмбриология
653 _aგანვითარებადი ადამიანი
653 _aკლინიკურად ორიენტირებული ემბრიოლოგია
653 _aმედიცინა
700 _aPersaud, T V N.,
_eავტორი
_910370
700 _aTorchia, Mark G.
_e ავტორი
_910371
942 _cBK
_2udc